| 000 | 00409nam a22001697a 4500 | ||
|---|---|---|---|
| 003 | CEME | ||
| 005 | 20210628202355.0 | ||
| 008 | 210311b xxu||||| |||| 00| 0 eng d | ||
| 020 | _a0-07-051224-8 | ||
| 040 | _c. | ||
| 082 | _a621.395 RAO'M | ||
| 100 |
_aRao, Gopal K _959612 |
||
| 245 | _aMaltilevel interconnect technology | ||
| 260 |
_aNEWYORK _bMCGRAW HILL _c1993 |
||
| 300 | _a224P | ||
| 942 |
_cBK _2ddc |
||
| 999 |
_c569547 _d569547 |
||